Culture Générale - Série 1207 - Statistiques

Statistiques générales
  • Ce quiz a été pris 108 fois
  • Le résultat moyen est 7 sur 10
Statistiques - réponses
Question Réponse % Correct
Le lac de Constance est situé à la frontière de 3 pays : pays 2 Suisse
90%
Le lac de Constance est situé à la frontière de 3 pays : pays 1 Allemagne
88%
le lac de Constance est situé à la frontière de 3 pays : pays 3 Autriche
85%
En 64, qui était l'empereur de Rome, lors du grand incendie qui détruisit la ville ? Néron
83%
Quel fleuve traverse le lac de Constance ? Rhin
81%
En quelle année a été créée la fête de la Musique en France ? 1982
80%
Quel écrivain français est l'auteur de la nouvelle "Une partie de campagne", publiée en 1881 ? prénopm et nom Guy de Maupassant
78%
Quelle onomatopée, composée d'une syllabe trois fois répétée, désigne une danse à quatre temps d'origine mexicaine dérivée de la rumba et du mambo ? cha-cha-cha
76%
Quelle ville de la Vienne donne son nom à une bataille de 732, dans laquelle s'illustra Charles Martel ? Poitiers
74%
En 1975, à qui doit-on l'invention de la carte à puce, ou carte à microcircuit ou carte à mémoire ? prénom et nom Roland Moreno
14%
Aucun quiz correspondant
Distribution des résultats
% des personnes avec chaque résultat
Percentile par nombre de réponses
Votre historique - résultats
Vous n’avez pas pris ce quiz